000 00373nam a2200157 4500
003 SGT
005 20260610144122.0
020 _a9781878736659
082 _a613.26
_bJ99M
100 _aMeyerowitz, Steve
245 _aJuice Fasting & Detoxification
260 _bSproutman Publicatiom
_c1999
300 _a154
653 _aFruit juices- Health aspects
942 _2ddc
_cBK
999 _c34977
_d34977